[Event "Makroregion KP-PO C15"]
[Site "Jastrzebia Gora"]
[Date "2013.??.??"]
[Round "7.2"]
[White "Fukowski, Pawel"]
[Black "Wisniewski, Szymon"]
[Result "1-0"]
[WhiteElo "1679"]
[BlackElo "1855"]
[PlyCount "69"]
[EventDate "2013.??.??"]

1. c4 e5 2. Nc3 Nc6 3. g3 f5 4. Bg2 Nf6 5. d3 Bb4 6. Bd2 Bxc3 7. Bxc3 d6 8. e3
Bd7 9. b4 Rb8 10. Ne2 O-O 11. O-O Qe8 12. Qd2 Qh5 13. f4 Be6 14. b5 Ne7 15. Bf3
Ng4 16. Bxg4 fxg4 17. e4 Bd7 18. Qb2 Ng6 19. f5 Nh8 20. d4 Nf7 21. dxe5 dxe5
22. Bxe5 Rfe8 23. Bxc7 Rbc8 24. Nf4 Qg5 25. Nd5 Rxe4 26. f6 Rxc7 27. fxg7 Ne5
28. Nf6+ Kxg7 29. Nxe4 Qe3+ 30. Nf2 Kg8 31. Rac1 Nf3+ 32. Kg2 Nd2 33. Rfe1 Qf3+
34. Kg1 Nxc4 35. Qb3 1-0

[Event "Makroregion KP-PO C15"]
[Site "Jastrzebia Gora"]
[Date "2013.??.??"]
[Round "8.1"]
[White "Pham, Juliusz"]
[Black "Napierala, Jakub"]
[Result "1-0"]
[WhiteElo "1816"]
[BlackElo "1328"]
[PlyCount "45"]
[EventDate "2013.??.??"]

1. e4 e5 2. Nf3 Nc6 3. Bc4 Bc5 4. c3 Nf6 5. d3 d6 6. Bb3 h6 7. Nbd2 O-O 8. Nf1
Be6 9. Ng3 Qd7 10. O-O Ne7 11. h3 Ng6 12. Be3 Bb6 13. d4 Qb5 14. Nh2 a5 15. d5
Bd7 16. a4 Qa6 17. Qf3 Qa7 18. Bd2 Bc5 19. Bc2 Qb8 20. Nf5 Qd8 21. g4 Ne7 22.
Nxh6+ gxh6 23. Qxf6 1-0

[Event "Makroregion KP-PO C15"]
[Site "Jastrzebia Gora"]
[Date "2013.??.??"]
[Round "8.2"]
[White "Cwik, Jakub"]
[Black "Fukowski, Pawel"]
[Result "1/2-1/2"]
[WhiteElo "1470"]
[BlackElo "1679"]
[PlyCount "128"]
[EventDate "2013.??.??"]

1. e4 e5 2. Nf3 Nc6 3. Bb5 a6 4. Ba4 Nf6 5. d3 b5 6. Bb3 Bc5 7. O-O d6 8. c3
Bg4 9. h3 Be6 10. Bc2 Bb6 11. Re1 O-O 12. Bg5 h6 13. Bh4 g5 14. Bg3 Nh5 15.
Nxe5 dxe5 16. Qxh5 Kg7 17. Nd2 f6 18. Nf1 Bf7 19. Qe2 h5 20. Ne3 Ne7 21. h4
Bxe3 22. Qxe3 gxh4 23. Bxh4 Ng6 24. Bg3 Rh8 25. Kf1 Qd6 26. d4 h4 27. Bh2 Qe7
28. b3 Be6 29. Rad1 Rad8 30. f3 Bc8 31. Bb1 Qe6 32. Rd2 Rd7 33. Red1 Rhd8 34.
Bc2 Qe7 35. f4 c5 36. dxe5 fxe5 37. f5 Rxd2 38. Rxd2 Rxd2 39. Qxd2 Nh8 40. Qd5
Nf7 41. Kf2 Kf6 42. Qd1 c4 43. Qh5 Qc5+ 44. Ke2 Bd7 45. Qxh4+ Kg7 46. b4 Qd6
47. Bg1 a5 48. Qg4+ Kh7 49. Qh5+ Kg7 50. Bc5 Qc6 51. a3 axb4 52. Bxb4 Qf6 53.
Qg4+ Kh7 54. Qh3+ Kg7 55. Qe3 Qh4 56. Ba5 Bc6 57. Qf2 Qg5 58. Bb4 Qg4+ 59. Qf3
Qg5 60. Qf2 Qg4+ 61. Qf3 Qg5 62. Qh3 Qf4 63. Qh5 Qg3 64. Qf3 Qg5 1/2-1/2

[Event "Makroregion KP-PO C15"]
[Site "Jastrzebia Gora"]
[Date "2013.??.??"]
[Round "8.3"]
[White "Paziak, Patryk"]
[Black "Niewiarowski, Mieszko"]
[Result "1/2-1/2"]
[WhiteElo "1526"]
[BlackElo "1474"]
[PlyCount "71"]
[EventDate "2013.??.??"]

1. d4 d5 2. Nf3 Nf6 3. c4 e6 4. Nc3 Bb4 5. Bd2 O-O 6. e3 c5 7. a3 Bxc3 8. Bxc3
cxd4 9. Nxd4 a6 10. Rc1 Ne4 11. Bb4 Qf6 12. Qf3 Re8 13. Bd3 e5 14. Bxe4 exd4
15. Qxf6 gxf6 16. Bxd5 dxe3 17. fxe3 Rxe3+ 18. Kf2 Re5 19. Rhe1 Nc6 20. Bxc6
bxc6 21. Rxe5 fxe5 22. Bc3 f6 23. Rd1 Bb7 24. Rd7 Rb8 25. c5 a5 26. Bxa5 Ba6
27. Rd8+ Rxd8 28. Bxd8 Kf7 29. Ke3 Ke6 30. g4 f5 31. gxf5+ Kxf5 32. Bc7 Bb5 33.
Bd6 Ba6 34. Be7 Bc4 35. a4 Ba6 36. a5 1/2-1/2

[Event "Makroregion KP-PO C15"]
[Site "Jastrzebia Gora"]
[Date "2013.??.??"]
[Round "8.4"]
[White "Wisniewski, Szymon"]
[Black "Putlak, Wojciech"]
[Result "1-0"]
[WhiteElo "1855"]
[BlackElo "1607"]
[PlyCount "76"]
[EventDate "2013.??.??"]

1. a3 d5 2. Nf3 Nf6 3. g3 g6 4. Bg2 Bg7 5. O-O O-O 6. d3 c5 7. Nbd2 Nc6 8. e4
Bg4 9. exd5 Nxd5 10. h3 Bxf3 11. Nxf3 Qd7 12. Rb1 Rad8 13. Qe2 Rfe8 14. Kh2 e6
15. Qe4 Nf6 16. Qh4 Ne7 17. g4 Ned5 18. Bg5 Qd6+ 19. Kh1 Qf8 20. c4 h6 21. Bd2
Ne7 22. Be3 g5 23. Qg3 Ng6 24. Rbd1 b6 25. b4 Nd7 26. d4 cxd4 27. Nxd4 Be5 28.
Qf3 Bxd4 29. Bxd4 Nde5 30. Qf6 Qg7 31. Qxg7+ Kxg7 32. c5 bxc5 33. bxc5 Kg8 34.
c6 Rc8 35. Rc1 a6 36. c7 Nd3 37. Rc3 Ndf4 38. Bb7 Ne2 1-0

[Event "Makroregion KP-PO C15"]
[Site "Jastrzebia Gora"]
[Date "2013.??.??"]
[Round "9.1"]
[White "Pham, Juliusz"]
[Black "Tynski, Beniamin"]
[Result "1-0"]
[WhiteElo "1816"]
[BlackElo "1600"]
[PlyCount "109"]
[EventDate "2013.??.??"]

1. e4 c5 2. c3 Nf6 3. e5 Nd5 4. d4 cxd4 5. Nf3 Nc6 6. cxd4 e6 7. Bc4 Nb6 8. Bb5
a6 9. Bxc6 dxc6 10. O-O Be7 11. Nc3 O-O 12. Ne4 Nd5 13. Bg5 f6 14. exf6 Nxf6
15. Nxf6+ Bxf6 16. Bxf6 gxf6 17. Qe2 Qd5 18. Qe3 Rf7 19. b3 Bd7 20. Rac1 b6 21.
Rfe1 Rg7 22. Qf4 Rf8 23. Re3 h5 24. Qc7 Qa5 25. a4 Rc8 26. Qd6 Qd5 27. Qxd5
cxd5 28. Rec3 Rxc3 29. Rxc3 b5 30. a5 Kf8 31. Ne1 Rg4 32. Rd3 Ke7 33. f3 Rg8
34. Rc3 Rc8 35. Rxc8 Bxc8 36. Nd3 Bd7 37. Kf2 Kd6 38. f4 Kc6 39. Nc5 Bc8 40. b4
h4 41. g3 hxg3+ 42. Kxg3 Kd6 43. h4 e5 44. h5 exd4 45. h6 Bf5 46. Kf2 Ke7 47.
Nxa6 Kf7 48. Nc5 Bc8 49. a6 Bxa6 50. Nxa6 Kg6 51. Nc7 Kxh6 52. Nxb5 Kg6 53.
Nxd4 Kf7 54. Ke3 Ke7 55. Ne2 1-0

[Event "Makroregion KP-PO C15"]
[Site "Jastrzebia Gora"]
[Date "2013.??.??"]
[Round "9.2"]
[White "Cwik, Jakub"]
[Black "Wisniewski, Szymon"]
[Result "0-1"]
[WhiteElo "1470"]
[BlackElo "1855"]
[PlyCount "104"]
[EventDate "2013.??.??"]

1. e4 c5 2. Nf3 g6 3. c4 Bg7 4. d4 cxd4 5. Nxd4 Nc6 6. Be3 d6 7. Nc3 Nf6 8. Be2
O-O 9. O-O Nxd4 10. Bxd4 Be6 11. Rc1 Qa5 12. Qd2 Nxe4 13. Nxe4 Qxd2 14. Nxd2
Bxd4 15. b3 Rfc8 16. Bf3 Rc7 17. Rfe1 Rac8 18. Nf1 Bf6 19. Ne3 b5 20. Bd5 Bg5
21. Rcd1 Bxe3 22. Rxe3 Bxd5 23. cxd5 Rc1 24. Rde1 Rxe1+ 25. Rxe1 Rc2 26. h3 Kf8
27. a4 bxa4 28. bxa4 Rc4 29. Ra1 Rd4 30. Kf1 Rxd5 31. Rb1 Ra5 32. Rb4 Kg7 33.
Ke2 Kf6 34. Ke3 d5 35. f4 Ke6 36. g4 f6 37. Kd3 Kd6 38. Kd2 e5 39. fxe5+ fxe5
40. Rb7 Rxa4 41. Rxh7 Ke6 42. Rh8 e4 43. Rg8 Kf6 44. Ra8 d4 45. Rd8 Ra2+ 46.
Ke1 d3 47. Rd4 Re2+ 48. Kd1 Ke6 49. Ra4 Ke5 50. Rxa7 Rh2 51. Re7+ Kf4 52. Rf7+
Ke3 0-1

[Event "Makroregion KP-PO C15"]
[Site "Jastrzebia Gora"]
[Date "2013.??.??"]
[Round "9.3"]
[White "Fukowski, Pawel"]
[Black "Paziak, Patryk"]
[Result "1/2-1/2"]
[WhiteElo "1679"]
[BlackElo "1526"]
[PlyCount "104"]
[EventDate "2013.??.??"]

1. d4 d5 2. Nf3 Nf6 3. g3 e6 4. Bg2 Bd6 5. b3 O-O 6. O-O b6 7. Bb2 Bb7 8. c4
Nbd7 9. Nbd2 Ne4 10. Nxe4 dxe4 11. Ne1 Qe7 12. Nc2 f5 13. e3 e5 14. f4 exf3 15.
Bxf3 e4 16. Bg2 Qg5 17. Qe2 h5 18. Ba3 c5 19. Rad1 Rad8 20. Qf2 g6 21. Kh1 Rf7
22. Bh3 Rh7 23. Rg1 a5 24. d5 Ne5 25. Ne1 Ng4 26. Bxg4 hxg4 27. Rg2 a4 28. Bb2
axb3 29. axb3 Ra8 30. Ra1 Qe7 31. Nc2 Rxa1+ 32. Bxa1 b5 33. Qe1 Qc7 34. Na3
bxc4 35. Nb5 Qb6 36. Nxd6 Qxd6 37. bxc4 g5 38. Qf2 Bc8 39. Rg1 Rf7 40. Qb2 Rh7
41. Qf6 Qxf6 42. Bxf6 Ba6 43. Rc1 f4 44. exf4 gxf4 45. gxf4 g3 46. h4 e3 47.
Kg2 e2 48. Kxg3 Bxc4 49. d6 Bd3 50. Kf2 c4 51. Ra1 Rd7 52. Be5 52... Kh7 {
(...83)} 1/2-1/2